Ľudová architektúra dolného Zemplína

Podrobná bibliografia
Hlavný autor: Thurzo, Igor (Autor, Fotograf)
Médium: Článok
Jazyk:slovenčina
PhysicalDescription:Fotogr.
ISSN:0323-0643
Predmet:

MARC

LEADER 00000nab a2200000 a 4500
001 vtls010258763
003 SK-MaSNL
005 20260304155144.0
008 25050719c2009 xo o |||||||||||||||slol
015 |a SNBRB2009/07 
035 |a SVKKK000096520 
035 |a urn:nbn:sk:snk-ab2whe 
035 |a (urnnbn)urn:nbn:sk:snk:ar-a0318b 
035 |a (uuid)0475ba82-9cd5-412e-b772-392ff10f061a 
038 |a SVKKK 
040 |a SNKBUCL  |b slo  |c SNKBUCL  |e AACR2 
041 0 |a slo 
044 |a xo  |c SK 
080 |a 728.6  |x (437.6)  |2 1997 
100 1 |a Thurzo, Igor  |4 aut  |4 pht  |9 273993 
245 1 0 |a Ľudová architektúra dolného Zemplína  |c Igor Thurzo 
300 |b Fotogr. 
650 0 7 |a vidiecka architektúra  |x domy  |x nádvoria  |z dolný Zemplín (Slovensko)  |2 snkbucl  |9 1480587 
773 0 |t Krásy Slovenska  |g Roč. 86, č. 5-6 (2009), s. 22-23  |x 0323-0643 
850 |a Slovenská národná knižnica 
852 |a Slovenská národná knižnica 
954 |a odborná, vedecká literatúra pôvodná (slovenská)  |2 lita 
958 |a article27 
958 |a OND 
958 |a EUIPO 
999 |c 2961007  |d 2962937